000 00321nam a22001097a 4500
008 230606b xxu||||| |||| 00| 0 eng d
082 _a346.06
_bEAC
110 _bThe East African community secretariant
245 _aEast Africa Community Customs Union
_bCustoms Procedure Manuals:volume I
300 _a136p
942 _2ddc
_cBK
999 _c533
_d533